000 00716nam a2200205Ia 4500
003 GCL
005 20240530102152.0
008 140319s9999 xx 000 0 ara d
040 _aGCL /
_cGCL
082 0 4 _a001.6425
_bم ح
100 1 _aمحمد عثمان البشير
245 1 0 _aالحاسب الالى والتطبيقات الاحصائية بلغة البيسك /
_cمحمد عثمان البشير
260 _a[S.N] :
_bمعهد الادارة العامة ،
_c1990
650 0 4 _aالحاسبات الالكترونية
650 0 4 _aالاحصاء الرياضى
650 0 4 _aباسيك
650 0 4 _aالبرامج
700 1 _aكرم الله على عبدالرحمن
942 _2ddc
_cBK
999 _c30290
_d30290